Годовой производственно-финансовый отчет Приволжской экспедиции Бампроекта за 1942 г.

RUSMARC
00005270cbm0a2200325#x 450
00155d14f65-a3b8-43bb-8d94-c6c926e7ff3e
00520240419153138.0
100##$a20240131d1943####k###0rusy50 ca
1010#$arus
102##$aRU
105##$ab###z########
1220#$ad1943######
2001#$aГодовой производственно-финансовый отчет Приволжской экспедиции Бампроекта за 1942 г.
$j[1943 г.]
251##$cДокумент
300##$aПодлинник
300##$aВ деле представлены сведения о политико-моральном состоянии коллектива Приволжской экспедиции и значении выполненных ею работ по защите Сталинграда (л. 47-49), карты (л. 4-5)
461#0$12001
$aФ. Р-571. Государственный проектно-изыскательский институт "Гипротранссрой" Министерства транспортного строительства СССР, г. Москва
$1251
$cФонд
$1852
$jР-571
462#0$12001
$aОп. 3-6
$1251
$cОпись
$1852
$j3-6
462#0$12001
$aД. 132
$vЛ. 2-5, 47-49
$1251
$cДело
$1852
$j132
605##$2acquisition_Prlib
$3LIBNET\UAF\0000088514
$aВторая мировая война в архивных документах (Комплекс оцифрованных архивных документов, кино- и фотоматериалов)
$lколлекция
605##$2acquisition_Prlib
$3DITM\AF\0000003834
$aНарод
$lколлекция
605##$2acquisition_Prlib
$3DITM\AF\0000002775
$aВласть
$lколлекция
605##$aРоссийское государство и экономика
$lколлекция
$2acquisition_Prlib
$3LIBNET\UAF\0000066520
6061#$2nlr_sh
$3RU\NLR\AUTH\661280795
$aВеликая Отечественная война
$z1941 - 1945
$xТыл(воен.)
$jАрхивные дела
686##$a63.3(2)622-2ю1
$vLBC/M
$2rubbk
686##$a65.03(2)622ю1
$vLBC/M
$2rubbk
801#0$aRU
$bПБ им. Б.Н. Ельцина
$c20240131
801#1$aRU
$bПБ им. Б.Н. Ельцина
$c20240131
$2rusmarc
801#2$aRU
$bПБ им. Б.Н. Ельцина
$c20240202
$2rusmarc
850##$aРоссийский государственный архив в г. Самаре
852##$aРГА в г. Самаре
$jЛ. 2-5, 47-49
035##$aLIBNET\0001377887
937##$d190720711
$hФедеральное архивное агентство
8564#$uhttp://readingroom.main.prlib.ru/item.aspx?id_node=n190720711&mode=full
Формат отображения